| 000 | nam a22 4500 | ||
|---|---|---|---|
| 999 |
_c29860 _d29860 |
||
| 008 | 181004b xxu||||| |||| 00| 0 eng d | ||
| 020 | _a003029684 | ||
| 050 | _aQC 23 .S47 2000 | ||
| 100 | _aSerway, Raymond A. | ||
| 245 |
_aPhysics for scientists and engineers/ _cRaymond A. Serway, Robert J. Beichner and John W. Jewett |
||
| 250 | _a5th ed. | ||
| 260 |
_aSouth Melbourne : _bNelson Thomson Learning, _c2000. |
||
| 300 |
_axxxi, 705[66]p. : _bill. (chiefly col.). ; _c26 cm. |
||
| 440 | _vVolume 2. | ||
| 504 | _aInclude index. | ||
| 650 | _aPhysics. | ||
| 700 | _aRobert J. Beichner | ||
| 710 | _aJohn W. Jewett | ||
| 942 |
_2lcc _cBOOKS _hQC 23 .S47 2000 _06 |
||